Score 0/20 Timer 04:00
1 Play Today
% Correct
swan
98%
Saturn
96.9%
seahorse
95.9%
shadow
95.6%
seesaw
91.9%
saxophone
91.6%
sundial
90%
soldier statue
89.8%
slug
86.3%
sloth
83.1%
% Correct
salamander
81.9%
stethoscope
81.7%
squash
78.4%
scaffolding
78.3%
sickle
71.6%
steamroller
71%
spinach
64.2%
scallions
63.7%
shamrock
49.7%
schnauzer
28.6%
Remove Ads.
Support Sporcle.
Get the best of Sporcle when you Go Orange. This ad-free experience offers more features, more stats, and more fun while also helping to support Sporcle. Thank you for becoming a member.

You're not logged in!

Compare scores with friends on all Sporcle quizzes.
OR
Log In

Sporcle TV

Today on Sporcle TV


Watch our educational content, quiz creation guides, and fun videos on Sporcle TV.

Show Comments

Extras

Top Quizzes Today


Score Distribution

Paid Content

Your Account Isn't Verified!

In order to create a playlist on Sporcle, you need to verify the email address you used during registration. Go to your Sporcle Settings to finish the process.

Report this User

Report this user for behavior that violates our Community Guidelines.

Details: